Entrepreneurship : (Record no. 20857)
[ view plain ]
| 000 -LEADER | |
|---|---|
| fixed length control field | 01042cam a22003015a 4500 |
| 001 - CONTROL NUMBER | |
| control field | 015491786 |
| 003 - CONTROL NUMBER IDENTIFIER | |
| control field | OSt |
| 005 - DATE AND TIME OF LATEST TRANSACTION | |
| control field | 20201128023555.0 |
| 008 - FIXED-LENGTH DATA ELEMENTS--GENERAL INFORMATION | |
| fixed length control field | 091106t2010 njua frb 001 0 eng d |
| 020 ## - INTERNATIONAL STANDARD BOOK NUMBER | |
| International Standard Book Number | 9780138158088 (pbk.) |
| 020 ## - INTERNATIONAL STANDARD BOOK NUMBER | |
| International Standard Book Number | 0138158088 (pbk.) |
| 040 ## - CATALOGING SOURCE | |
| Original cataloging agency | StDuBDS |
| Language of cataloging | eng |
| Transcribing agency | StDuBDS |
| Modifying agency | Uk |
| -- | EG-ScBUE |
| 082 04 - DEWEY DECIMAL CLASSIFICATION NUMBER | |
| Classification number | 658.11 |
| Edition number | 22 |
| Item number | BAR |
| 100 1# - MAIN ENTRY--PERSONAL NAME | |
| Personal name | Barringer, Bruce R. |
| 9 (RLIN) | 3115 |
| 245 10 - TITLE STATEMENT | |
| Title | Entrepreneurship : |
| Remainder of title | successfully launching new ventures / |
| Statement of responsibility, etc | Bruce R. Barringer, R. Duane Ireland. |
| 250 ## - EDITION STATEMENT | |
| Edition statement | 3rd ed., Global ed. |
| 260 ## - PUBLICATION, DISTRIBUTION, ETC. (IMPRINT) | |
| Place of publication, distribution, etc | Upper Saddle River : |
| Name of publisher, distributor, etc | Pearson, |
| Date of publication, distribution, etc | c.2010. |
| 300 ## - PHYSICAL DESCRIPTION | |
| Extent | 608 p. : |
| Other physical details | ill. ; |
| Dimensions | 28 cm. |
| 490 0# - SERIES STATEMENT | |
| Series statement | Prentice Hall entrepreneurship series |
| 500 ## - GENERAL NOTE | |
| General note | Previous ed.: Upper Saddle River, N.J. : Pearson/Prentice Hall, 2008. |
| 504 ## - BIBLIOGRAPHY, ETC. NOTE | |
| Bibliography, etc | Includes bibliographical references and index. |
| 650 #7 - SUBJECT ADDED ENTRY--TOPICAL TERM | |
| Topical term or geographic name as entry element | Entrepreneurship. |
| Source of heading or term | BUEsh |
| 9 (RLIN) | 240 |
| 650 #7 - SUBJECT ADDED ENTRY--TOPICAL TERM | |
| Topical term or geographic name as entry element | New business enterprises. |
| Source of heading or term | BUEsh |
| 9 (RLIN) | 239 |
| 651 ## - SUBJECT ADDED ENTRY--GEOGRAPHIC NAME | |
| Source of heading or term | BUEsh |
| 653 ## - INDEX TERM--UNCONTROLLED | |
| Resource For college | BAEPS, Business Administration |
| Arrived date list | September2015 |
| 700 1# - ADDED ENTRY--PERSONAL NAME | |
| Personal name | Ireland, R. Duane. |
| 9 (RLIN) | 3119 |
| 942 ## - ADDED ENTRY ELEMENTS (KOHA) | |
| Source of classification or shelving scheme | Dewey Decimal Classification |
| Withdrawn status | Lost status | Source of classification or shelving scheme | Materials specified (bound volume or other part) | Damaged status | Not for loan | Home library | Current library | Shelving location | Date acquired | Source of acquisition | Total Checkouts | Total Renewals | Full call number | Barcode | Date last seen | Date last borrowed | Koha item type |
|---|---|---|---|---|---|---|---|---|---|---|---|---|---|---|---|---|---|
| Dewey Decimal Classification | 000015756 | Central Library | Central Library | First floor | 16/09/2015 | Purchase | 2 | 1 | 658.11 BAR | 000030932 | 15/07/2025 | 12/04/2021 | Book - Borrowing |